Statistics for U.S. States Scramble

Click here to take the quiz!

General Stats

  • This quiz has been taken 205 times
  • The average score is 14 of 15

Answer Stats

State- ScrambledState- Unscrambled% Correct
NDIIAANIndiana
99%
AAAAMLBAlabama
98%
NASSAAKRArkansas
98%
LILONIISIllinois
98%
VNMEORTVermont
98%
SAAAKLAlaska
97%
GIMWNYOWyoming
97%
VNAADENevada
96%
WOTNNIGSAHWashington
96%
DAHOIIdaho
95%
AATNNOMMontana
95%
BKASRNEANebraska
90%
PNAHSIMREIWHNew Hampshire
89%
NOMCXWEEINew Mexico
89%
NHTDOOATRKNorth Dakota
89%

Score Distribution

Percentile by Number Answered

Percent of People with Each Score

Your Score History

You have not taken this quiz